Представление документа в формате RUSMARC

Поле Инд. ПП Название Значение
Тип записи a
Библиографический уровень m
001 Контрольный номер 067698ebef75434b87ad637f6c64784c
005 Дата корректировки 20200611142852.7
100 a Данные общей обработки 20190320 ||| 0rusy0189 ca
101 0_ a Язык текста rus
102 a Страна публикации RU
200 1_ a Заглавие № 3
b Общее обозначение материала Текст
210 1_ d Дата издания 2019
461 _0 1 2000
a Администратор суда
v № 3
1 001f845e6597f424c46b33af4a3340d3adf
801 _0 a Страна RU
b Организация РГУП
c Дата составления 20190320
g Правила каталогизации PSBO
801 _1 a Страна RU
b Организация РГУП
c Дата составления 20190320
g Правила каталогизации PSBO
901 t Тип документа s
w Контрольный № источника f845e6597f424c46b33af4a3340d3adf
905 a Дата ввода 20190320